Iglesia y libertad : magisterio eclesiástico y libertad de pensamiento /
La colección Ideas Claras de Ediciones Paulinas busca constestar a través de autores con una fuerte actividad espiritual y al mismo tiempo especialistas en la materia cuestión, a preguntas que inquietan a la sociedad contemporánea y ofrecer así elementos de jucio desde el pensamiento cristiano. En e...
保存先:
| 第一著者: | |
|---|---|
| フォーマット: | 図書 |
| 言語: | スペイン語 |
| 出版事項: |
Madrid, España :
Ediciones Paulinas,
1966, c1966
|
| シリーズ: | (Ideas Claras ;
3) |
| 主題: | |
| タグ: |
タグなし, このレコードへの初めてのタグを付けませんか!
|
MARC
| LEADER | 00000nam^a2200000^a^4500 | ||
|---|---|---|---|
| 001 | 000182340 | ||
| 005 | 20250521000000.0 | ||
| 009 | 20260310102003.897 | ||
| 037 | |a Acervo ITESO - Biblioteca | ||
| 041 | |a ESP | ||
| 082 | |a 200. |b IDE V. 3 | ||
| 100 | |a Hartmann, Albert |e (autor) | ||
| 245 | 1 | 0 | |a Iglesia y libertad : |b magisterio eclesiástico y libertad de pensamiento / |c A. Hartmann ; dir. de colección de A. Pereira ; tr. por Juan Blanco Catala. |
| 264 | 4 | |a Madrid, España : |b Ediciones Paulinas, |c 1966, c1966 | |
| 300 | |a 65 p. | ||
| 336 | |a texto |b txt |2 rdacontenido | ||
| 337 | |a sin mediación |b n |2 rdamedio | ||
| 338 | |a volumen |b nc |2 rdasoporte | ||
| 440 | 1 | |a (Ideas Claras ; |v 3) | |
| 500 | |a Traducción de : Kirche und Freiheit | ||
| 520 | |a La colección Ideas Claras de Ediciones Paulinas busca constestar a través de autores con una fuerte actividad espiritual y al mismo tiempo especialistas en la materia cuestión, a preguntas que inquietan a la sociedad contemporánea y ofrecer así elementos de jucio desde el pensamiento cristiano. En este ejemplar se aborda el problema de la libertad de pensamiento y el don de la fe de la iglesia católica. | ||
| 649 | |a XX | ||
| 650 | |a Fe | ||
| 650 | |a Libertad | ||
| 650 | |a Verdad | ||
| 650 | |a Subjetividad (Psicología) | ||
| 650 | |a Conocimiento | ||
| 650 | |a Libre Albedrío | ||
| 650 | |a Educación Religiosa | ||
| 650 | |a Dogma | ||
| 650 | |a Objetividad y Subjetividad en la Ciencia | ||
| 650 | |a Método Científico | ||
| 650 | |a Ciencia | ||
| 650 | |a Religión y Ciencia | ||
| 910 | |a Fondo General | ||
| 920 | |a Impresos - Libros | ||
| 930 | |a Colección General | ||
| 905 | |a 101 | ||
| 901 | |a 0500122268 |b IT1 |c ACC |u 20250521 | ||
| 902 | |a https://opac.biblio.iteso.mx/vufind/Record/000182340 | ||